<?xml version="1.0" encoding="UTF-8"?>
<record
    xmlns:xsi="http://www.w3.org/2001/XMLSchema-instance"
    xsi:schemaLocation="http://www.loc.gov/MARC21/slim http://www.loc.gov/standards/marcxml/schema/MARC21slim.xsd"
    xmlns="http://www.loc.gov/MARC21/slim">

  <leader>01644nam a22002537a 4500</leader>
  <controlfield tag="003">OSt</controlfield>
  <controlfield tag="005">20221007151654.0</controlfield>
  <controlfield tag="008">180205b        xxu||||| |||| 00| 0 eng d</controlfield>
  <datafield tag="020" ind1=" " ind2=" ">
    <subfield code="a">9781933107561</subfield>
  </datafield>
  <datafield tag="040" ind1=" " ind2=" ">
    <subfield code="c">WIUC-GH</subfield>
  </datafield>
  <datafield tag="050" ind1=" " ind2=" ">
    <subfield code="a">RG951.R477</subfield>
  </datafield>
  <datafield tag="245" ind1=" " ind2=" ">
    <subfield code="a">RN maternal newborn nursing. /</subfield>
    <subfield code="c">Editor: Jeann Wissman</subfield>
  </datafield>
  <datafield tag="250" ind1=" " ind2=" ">
    <subfield code="a">7.1 ed.[Review module]</subfield>
  </datafield>
  <datafield tag="260" ind1=" " ind2=" ">
    <subfield code="a">Leawood, Kansas:</subfield>
    <subfield code="b">Assessment Technologies Institute,</subfield>
    <subfield code="c">2007.</subfield>
  </datafield>
  <datafield tag="300" ind1=" " ind2=" ">
    <subfield code="a">x, 468 p:</subfield>
  </datafield>
  <datafield tag="490" ind1=" " ind2=" ">
    <subfield code="a">Content Mastery Series</subfield>
  </datafield>
  <datafield tag="505" ind1=" " ind2=" ">
    <subfield code="a">Contents: 
Unit 1: Antepartum: - Reproductive cycle -- Fetal development -- Normal physiological physiological changes of pregnancy -- Nutrition and pregnancy -- Perinatal cultural awareness -- Prenatal and childbirth education -- Antepartum: Diagnostic interventions -- Complications of pregnancy 
Unit 2: Intrapartum - Labor and birth processes -- Pain management -- Fetal assessment during labor -- Nursing care during the stages of labor -- Therapeutic procedures nursing care  labor and delivery -- Complications of labor and birth --  
Unit 3: Postpartum - Postpartum physiological changes and nursing care -- Bonding and integration of infant into family structure -- Discharge teaching: postpartal care -- 
Unit 4 - Newborn assessment -- Nursing care of he newborn -- Meeting the nutritional need of the newborn -- Circumcision -- Assessment and management of newborn complications Discharge teaching: newborn care

</subfield>
  </datafield>
  <datafield tag="650" ind1=" " ind2=" ">
    <subfield code="a">Midwifery</subfield>
    <subfield code="9">555</subfield>
  </datafield>
  <datafield tag="690" ind1=" " ind2=" ">
    <subfield code="a">Maternity nursing</subfield>
    <subfield code="9">556</subfield>
  </datafield>
  <datafield tag="690" ind1=" " ind2=" ">
    <subfield code="a">Family Health	</subfield>
    <subfield code="9">557</subfield>
  </datafield>
  <datafield tag="690" ind1=" " ind2=" ">
    <subfield code="a">Maternal -- Child Nursing</subfield>
    <subfield code="9">558</subfield>
  </datafield>
  <datafield tag="700" ind1=" " ind2=" ">
    <subfield code="a">Wissman, Jeanne</subfield>
    <subfield code="9">559</subfield>
  </datafield>
  <datafield tag="942" ind1=" " ind2=" ">
    <subfield code="2">lcc</subfield>
    <subfield code="c">BK</subfield>
  </datafield>
  <datafield tag="999" ind1=" " ind2=" ">
    <subfield code="c">9264</subfield>
    <subfield code="d">16764</subfield>
  </datafield>
  <datafield tag="952" ind1=" " ind2=" ">
    <subfield code="0">0</subfield>
    <subfield code="1">0</subfield>
    <subfield code="2">lcc</subfield>
    <subfield code="4">0</subfield>
    <subfield code="7">0</subfield>
    <subfield code="a">WIUC-KL</subfield>
    <subfield code="b">WIUC-KL</subfield>
    <subfield code="c">NURS L.</subfield>
    <subfield code="d">2019-12-16</subfield>
    <subfield code="l">0</subfield>
    <subfield code="o">RG951.R477(7.1e)</subfield>
    <subfield code="p">KSN/998/998/19</subfield>
    <subfield code="r">2022-10-07 00:00:00</subfield>
    <subfield code="w">2022-10-07</subfield>
    <subfield code="y">BK</subfield>
  </datafield>
</record>
